000 00582nam a22002177a 4500
003 BPGM
008 260704e2013 mx aola|r|||| 000 1 spa d
020 _a978-607-404-950-3
040 _bspa
041 _hENG
082 0 4 _2I / 813.6 /
_a P543m
110 _aPHIDAL PUBLISHING INC.
245 _aDC SUPER FRIENDS
260 _aMÉXICO
_c2013
300 _a9 páginas ;
_b25.5 cm x 25.6 cm
336 _2rdacontent
_atexto
_btxt
337 _2rdamedia
_asin mediación
_bn
338 _2rdacarrier
_avolumen
_bnc
490 0 _aMI PRIMER LIBRO DE ROMPECABEZAS
942 _2ddc
_cBKN
999 _c68763
_d68763